banner koha

Pesquisa para sistemas agricolas de produtores de baixa renda [Nordeste; Brasil] (Registro n. 313011)

MARC details
000 -LÍDER
campo de controle de tamanho fixo 01365naa a22003617a 4500
001 - NÚMERO DE CONTROLE
campo de controle BR8100038
003 - IDENTIFICADOR DO NÚMERO DE CONTROLE
campo de controle BR-BrBNA
005 - DATA E HORÁRIO DA ÚLTIMA TRANSAÇÃO
campo de controle 20240918174714.0
007 - CAMPO FIXO DE DESCRIÇÃO FÍSICA--INFORMAÇÃO GERAL
campo de controle de tamanho fixo ta
008 - CAMPO DE DADOS FIXOS--INFORMAÇÃO GERAL
campo de controle de tamanho fixo 230509b bl.||||| |||| 00| 0 por d
040 ## - FONTE DA CATALOGAÇÃO
Instituição da catalogação original BR-BrBNA
Idioma da catalogação por
Instituição que transcreveu o registro Biblioteca Nacional de Agricultura
041 ## - CÓDIGO DE IDIOMA
Código do idioma do texto/trilha sonora ou título diferente (Pt)
072 ## - CÓDIGO DE CATEGORIA DE ASSUNTO
Código de Categoria de Assunto A50; E15
Código do objeto /G514
090 ## - NÚMERO DE CHAMADA LOCAL
Número de chamada A50 BR8100038
100 1# - ENTRADA PRINCIPAL--NOME PESSOAL
Nome pessoal Soria, J.
111 1# - ENTRADA PRINCIPAL--NOME DO EVENTO
Nome do evento ou lugar Encontro Nordestino sobre Agricultura de Sequeiro
Local do evento Patos, PB (Brazil)
Data do evento ou assinatura do tratado 9 Jul 1979
245 1# - TÍTULO
Título Pesquisa para sistemas agricolas de produtores de baixa renda [Nordeste; Brasil]
246 1# - FORMA VARIANTE DO TÍTULO
Título/título abreviado [Research for agricultural systems of low income farmers [Northeast; Brazil]]
246 1# - FORMA VARIANTE DO TÍTULO
Título/título abreviado [Annals of the Northeastern Meeting on Waste Agriculture]
260 3# - PUBLICAÇÃO, DISTRIBUIÇÃO, ETC.
Local de publicação, distribuição, etc. Campina Grande, PB (Brasil):
Data da publicação, distribuição, etc. 1980.
500 ## - NOTA GERAL
Nota geral Anais do Encontro Nordestino sobre Agricultura de Sequeiro<br/>Campina Grande, PB (Brasil): 1980. p. 24-37<br/>(BR8100038-AM)A50<br/>
650 ## - ASSUNTO--TERMO TÓPICO
Cabeçalho tópico ou nome geográfico Pesquisa
650 ## - ASSUNTO--TERMO TÓPICO
Cabeçalho tópico ou nome geográfico Microeconomia
650 ## - ASSUNTO--TERMO TÓPICO
Cabeçalho tópico ou nome geográfico Pesquisa agricola
650 ## - ASSUNTO--TERMO TÓPICO
Cabeçalho tópico ou nome geográfico Programa de pesquisa
650 ## - ASSUNTO--TERMO TÓPICO
Cabeçalho tópico ou nome geográfico Produtor
650 ## - ASSUNTO--TERMO TÓPICO
Cabeçalho tópico ou nome geográfico Baixa renda
650 ## - ASSUNTO--TERMO TÓPICO
Cabeçalho tópico ou nome geográfico Nordeste
650 ## - ASSUNTO--TERMO TÓPICO
Cabeçalho tópico ou nome geográfico Zona semi-arida
773 0# - ENTRADA ANALÍTICA
Título Anais do Encontro Nordestino sobre Agricultura de Sequeiro
Número de controle do registro A50 BR8100038
Partes relacionadas Campina Grande, PB (Brasil), 1980. p. 24-37
909 ## -
-- 202404
-- Lucia
-- 55
-- Lucia Elande
942 ## - ELEMENTOS DE ENTRADA ADICIONADOS (KOHA)
Tipo de material Koha Capítulo-Livro
Fonte da classificação ou esquema de arquivamento na estante Classificação AGRIS
Exemplares
Situação do descarte Fonte da classificação ou esquema de arquivamento na estante Situação física Não pode ser emprestado Coleção Biblioteca de origem Biblioteca atual Localização na estante Total de empréstimos Número de telefone completo Data de último acesso Número do exemplar Tipo de material Koha Situação das perdas Data de aquisição Fonte de aquisição
  Classificação AGRIS       Biblioteca Nacional de Agricultura - Binagri Biblioteca Nacional de Agricultura - Binagri Agrobase - Acervo Geral   A50 BR8100036 20/05/2024 01 Capítulo-Livro   2024-04-11 Portaria Interministerial nº 164/94

BINAGRI

Telefone: (61)3218-2567/2388/3357/2097 - binagri@agro.gov.br

Ministério da Agricultura e Pecuária , Esplanada dos Ministérios, Bloco D, Anexo B, Brasília/DF, CEP: 70.043-900